Психолингвистика: электронный курс

Dades bibliogràfiques
Autor principal: Мишанкина Н. А. Наталья Александровна
Autor corporatiu: Национальный исследовательский Томский политехнический университет
Sumari:Заглавие с экрана
Курс предполагает знакомство с теоретическими основами современной психолингвистики, освоение современных методов и отработка практических навыков психолингвистических исследований, развитие навыков сопоставительного анализа теоретического материала - основных положений различных психолингвистических школ и направлений, развитие умения анализировать языковые явления и процессы в психолингвистическом аспекте, умение применить полученные знания в различных коммуникативных сферах. Курс направлен на формирование профессиональной компетенции будущего специалиста - филолога.
Доступ по логину и паролю
Idioma:rus
Publicat: Томск, TPU Moodle, 2015
Matèries:
Accés en línia:https://design.lms.tpu.ru/course/view.php?id=470
Format: MixedMaterials Electrònic Llibre
KOHA link:https://koha.lib.tpu.ru/cgi-bin/koha/opac-detail.pl?biblionumber=651796

MARC

LEADER 00000nlm0a2200000 4500
001 651796
005 20250606144809.0
035 |a (RuTPU)RU\TPU\network\17058 
035 |a RU\TPU\network\17057 
090 |a 651796 
100 |a 20161122d2015 m y0rusy50 ca 
101 0 |a rus 
102 |a RU 
105 |a a j 000zy 
135 |a jrcn ---uucaa 
181 0 |a i  
182 0 |a b 
200 1 |a Психолингвистика  |e электронный курс  |f Н. А. Мишанкина  |g Национальный исследовательский Томский политехнический университет (ТПУ), Институт международного образования и языковой коммуникации (ИМОЯК), Кафедра русского языка как иностранного (РКИ) 
203 |a Текст  |c электронный 
210 |a Томск  |c TPU Moodle  |d 2015 
300 |a Заглавие с экрана 
330 |a Курс предполагает знакомство с теоретическими основами современной психолингвистики, освоение современных методов и отработка практических навыков психолингвистических исследований, развитие навыков сопоставительного анализа теоретического материала - основных положений различных психолингвистических школ и направлений, развитие умения анализировать языковые явления и процессы в психолингвистическом аспекте, умение применить полученные знания в различных коммуникативных сферах. Курс направлен на формирование профессиональной компетенции будущего специалиста - филолога. 
333 |a Доступ по логину и паролю 
606 1 |a Психолингвистика  |2 stltpush  |3 (RuTPU)RU\TPU\subj\53117  |9 71467 
610 1 |a электронный ресурс 
610 1 |a труды учёных ТПУ 
610 1 |a электронное обучение 
610 1 |a электронные курсы ТПУ 
610 1 |a русский язык как иностранный 
610 1 |a экспериментальное исследование 
610 1 |a филология 
610 1 |a психолингвистические исследования 
610 1 |a электронные учебные пособия 
610 1 |a электронные учебные пособия 
675 |a Ш100я73  |v 3 
700 1 |a Мишанкина  |b Н. А.  |c лингвист  |c профессор Томского политехнического университета, доктор филологических наук  |f 1969-  |g Наталья Александровна  |3 (RuTPU)RU\TPU\pers\28712  |9 13509 
712 0 2 |a Национальный исследовательский Томский политехнический университет  |c (2009- )  |9 26305 
801 2 |a RU  |b 63413507  |c 20220126  |g RCR 
850 |a 63413507 
856 4 |u https://design.lms.tpu.ru/course/view.php?id=470 
942 |c CF